Books by Synonym (Modern) - Statistics

General Stats
  • This quiz has been taken 17 times
  • The average score is 7 of 14
Answer Stats
Hint Answer % Correct
The Issue in Our Constellations The Fault in Our Stars
93%
Professor Snooze Doctor Sleep
71%
Hydration for Pachyderms Water for Elephants
71%
Where the Crustaceans Croon Where the Crawdads Sing
71%
Prepare Participant Uno Ready Player One
64%
Crimson Ascending Red Rising
64%
Descendants of Hemoglobin and Skeletal Matter Children of Blood and Bone
43%
The Loathing You Provide The Hate U Give
43%
Ponder Wonder
43%
Quartile Flying-Appendage Fourth Wing
36%
I'm Pleased My Matriarch Expired I'm Glad My Mom Died
36%
To Rest in an Ocean of Cosmos To Sleep in a Sea of Stars
36%
The Domicile in the Azure Ocean The House in the Cerulean Sea
14%
Ultimate Cruise Maximum Ride
7%
No matching quizzes found
Score Distribution
Percent of People with Each Score
Percentile by Number Answered
Your Score History
You have not taken this quiz